| 000 | 00509nam a22001817a 4500 | ||
|---|---|---|---|
| 999 |
_c26061 _d26061 |
||
| 003 | BDDh-ASL | ||
| 005 | 20231015030607.0 | ||
| 008 | 210924s1895 i ||||| |||| 00| 0 u d | ||
| 040 |
_aBDDh-ASL _cBDDh-ASL |
||
| 082 |
_a910 _bBES |
||
| 100 | 1 |
_94575 _aBeg, Mirza irfan Ali |
|
| 245 | 1 | 0 | _aSafar Namae Hezaj : / سفرنامہ حجاز |
| 246 | _aSafar Namae Hezaj : | ||
| 260 |
_aLucknow : _bNawal Kishore Press , _c1895. |
||
| 300 |
_a264 p. : _c24 cm. |
||
| 650 | 0 |
_93535 _aTravels |
|
| 942 |
_2ddc _cBK |
||